Responses for Show #6542 - Tuesday, February 12, 2013

2013 Teen Tournament final game 2.

Contestants

[<< previous game]

Leonard Cooper, a senior from Little Rock, Arkansas (subtotal of $3,000)

Barrett Block, a senior from Lexington, Kentucky (subtotal of $17,600)

Nilai Sarda, a freshman from Marietta, Georgia (subtotal of $19,000)

[next game >>]

Jeopardy! Round responses

GUINNESS WORLD RECORDS
THE WEATHER & GEOGRAPHY REPORT
VIDEO GAME TIMELINE
TAKING "OFF"
HOW NOBEL OF THEM
ODDS & ENDS
    $200 27
the limbo

Nilai
    $200 12
Libya

Nilai
    $200 6
Pac-Man

Leonard
    $200 15
a spin-off

Leonard
    $200 20
a dragon

Nilai
    $400 26
(Nilai: What is Macbeth?)
(Barrett: What is Romeo and Juliet?)

Hamlet

NilaiBarrett
Triple Stumper
    $400 8
Montana

Leonard
    $400 7
CDs

Nilai
    $400 16
offline

Nilai
    $400 24
(Barrett: What is the Guggenheim?)
(Nilai: What is, uh, Madame Tussaud's Wax Museum?)

the Metropolitan Museum of Art

NilaiBarrett
Triple Stumper
    $600 25
(Alex: [*], with less than a minute to go now.)

Mentos

Leonard
    $600 5
Chile

Leonard
    $600 9
Rock Band

Leonard
    $600 19
a cook-off

Leonard
    $600 28
[The end-of-round signal sounds.]

Economics

Leonard
    $600 23
yin & yang

Nilai
    $800 13
a Rubik's Cube

Nilai
    $800 4
New Hampshire

Nilai
    $800 10
Arkham Asylum

Leonard
    $800 18
(Leonard: What is off brand?)
(Alex: Off brand. [Looks at judges] No, I don't think we can accept that.)

a knockoff

BarrettLeonard
    $1,000 1
(Alex: Nilai?)
(Nilai: Uh, who is Jimmy Carter?)

the Dalai Lama

Nilai
    $800 22
a recruiter

Barrett
    $1000 14
a python

Barrett
    $1000 3
Colombia

Nilai
    $1000 11
Kinect

Leonard
    $1000 17
offspring

Nilai
    $1000 2
Atomic Energy

Nilai
    $1000 21
(Leonard: [Touching his clavicles] What's the, uh, like the--neckbone, the [*]? [*]!)
(Alex: [To judges] Did he get it in in time? He said [*]. Did he get it in in time? He did.)

collarbone

Leonard

Scores at the first commercial break (after clue 14):

Nilai Barrett Leonard
$3,200 $1,000 $3,600

Scores at the end of the Jeopardy! Round:

Nilai Barrett Leonard
$4,800 $1,800 $5,800

Double Jeopardy! Round responses

IT HAPPENED IN FEBRUARY
SPACE STUFF
FILM FEST
AMERICAN LIT
TEEN-LETTER WORDS
ODD ENDS
    $400 28
[The end-of-round signal sounds.]

Curiosity

Nilai
    $400 1
Poe

Nilai
    $400 6
tonsillectomy

Nilai
    $400 27
a mistrial

Nilai
    $800 13
Napoleon

Nilai
    $800 22
Halley's Comet

Leonard
    $800 23
Breaking Dawn Part 2

Leonard
    $18,000 24
(Alex: [Before wager] And we have about a minute to go now, Leonard.)
(Leonard: Uhhhhh… [exhales] $18,000.)
[Audience gasps and hushed exclamation]
(Alex: Okay. Gutsy move, let’s see if it pays off for you…)

(Leonard: What is [*]?)
(Alex: You got it!)
[Leonard breathes a sigh of relief, amid loud audience cheering and applause.]

a jury

Leonard
    $800 25
Transcendentalism

Leonard
    $800 26
ransom

Barrett
    $2,000 4
the Arab Spring

Nilai
    $1200 7
a red giant

Leonard
    $1200 20
The Wizard of Oz

Barrett
    $1200 15
A Separate Peace

Barrett
    $1200 17
a supercomputer

Leonard
    $1200 21
(Alex: That's why he's a saint, I guess.)

turn me over

Leonard
    $1600 3
Salt Lake City

Nilai
    $1600 2
the Kuiper Belt

Nilai
    $1600 8
Pitch Perfect

Leonard
    $1600 5
sinners

Leonard
    $1600 18
(Barrett: Demonyms?)
[Barrett appears to count on his fingers.]
(Alex: Counting on your fingers? Too late.)

nationalities

Barrett
Triple Stumper
    $1600 9
a lateral

Barrett
    $2000 12
Buena Vista

Barrett
    $2000 14
Eris

Leonard
    $2000 11
We Bought a Zoo

Nilai
    $2000 16
Willa Cather

Leonard
    $2000 19
[Barrett counts on his fingers again.]
(Alex: [Laughing] What is [*]? You don't have enough fingers, Barrett!)

misappropriation

Triple Stumper
    $2000 10
fizzle (out)

Barrett

Scores at the end of the Double Jeopardy! Round:

Nilai Barrett Leonard
$14,400 $9,000 $37,000

[wagering suggestions for these scores]

Final Jeopardy! Round responses

MILITARY MEN
(Alex: I should mention that right now, all three of you have exceeded the minimums for third and second place.)
...
(Alex: [To Barrett] Who is [*], Supreme Allied Commander for the forces invading Europe, you are correct.)
...
[Leonard did not have a lock tournament.]
(Alex: One of the things I love about the Teen Tournament is these guys have marvelous senses of humor. Back to a--a different tournament tomorrow.)
BarrettWho is Dwight D Eisenhower
$9,000
NilaiWho is Winston Churchill FDR
$7,000
LeonardWho is some guy in Normandy. But I just won $75,000!
$0
Dwight David Eisenhower

Final scores:

Nilai Barrett Leonard
$7,400 $18,000 $37,000

Cumulative scores:

Nilai Barrett Leonard
$26,400 $35,600 $40,000
2nd runner-up: $26,400 1st runner-up: $35,600 Tournament champion: $75,000

Game dynamics:

Coryat scores:

Nilai Barrett Leonard
$14,600 $9,000 $19,800
20 R
(including 1 DD),
3 W
(including 1 DD)
9 R,
3 W
22 R
(including 1 DD),
1 W

Combined Coryat: $43,400

[game clues] [game scores] [suggest correction]

Game tape date: 2012-11-20
The J! Archive is created by fans, for fans. Scraping, republication, monetization, and malicious use prohibited; this site may use cookies and collect identifying information. See terms. The Jeopardy! game show and all elements thereof, including but not limited to copyright and trademark thereto, are the property of Jeopardy Productions, Inc. and are protected under law. This website is not affiliated with, sponsored by, or operated by Jeopardy Productions, Inc. Join the discussion at JBoard.tv.